000 00328nam a22001457a 4500
003 OSt
005 20211231102526.0
008 211231b |||||||| |||| 00| 0 eng d
040 _cHU
050 _a005.3
082 _a005.3
100 _aBunin Bibeller
_926566
245 _aWordPerfect 6.1 for windows
942 _2ddc
_cBOOKS
_n0
999 _c25488
_d25488